The living Bible, paraphrased. (Record no. 17594)

000 -LEADER
fixed length control field 00738nam a2200217 a 4500
001 - CONTROL NUMBER
control field :::00001147$&:&@@
003 - CONTROL NUMBER IDENTIFIER
control field OkBaRHE
005 - DATE AND TIME OF LATEST TRANSACTION
control field 20001012185623.0
008 - FIXED-LENGTH DATA ELEMENTS--GENERAL INFORMATION
fixed length control field s1971 j 000 0 eng u
020 ## - INTERNATIONAL STANDARD BOOK NUMBER
International Standard Book Number 0842322507
040 ## - CATALOGING SOURCE
Transcribing agency
100 1# - MAIN ENTRY--PERSONAL NAME
Personal name [Taylor, Kenneth Nathaniel]
9 (RLIN) 101
245 14 - TITLE STATEMENT
Title The living Bible, paraphrased.
Statement of responsibility, etc A thought-for-thought translation.
250 ## - EDITION STATEMENT
Edition statement Deluxe Award Edition
260 ## - PUBLICATION, DISTRIBUTION, ETC. (IMPRINT)
Place of publication, distribution, etc Wheaton, IL., :
Name of publisher, distributor, etc Tyndale House
Date of publication, distribution, etc 1971
300 ## - PHYSICAL DESCRIPTION
Extent 202 p. : map
Dimensions 21 cm.
500 ## - GENERAL NOTE
General note Includes topical concordance.
650 ## - SUBJECT ADDED ENTRY--TOPICAL TERM
Topical term or geographic name as entry element Bible
General subdivision Paraphrases
-- English
9 (RLIN) 102
942 ## - ADDED ENTRY ELEMENTS (KOHA)
Source of classification or shelving scheme
Koha item type Books
Copies
Date last seen Date acquired Current Location Damaged status Withdrawn status Materials specified (bound volume or other part) Copy number Barcode Source of classification or shelving scheme Shelving location Permanent Location Price effective from Koha item type Total Checkouts Lost status Not for loan Full call number Date checked out
2018-02-222010-05-13RHEMA Bible Training College  Red Letter121908 General StacksRHEMA Bible Training College2010-05-13Books1Missing BS 550.2 .T382018-01-17